Catálogo
 En Linea

Resumen de la legislación dominicana para la inversión extranjera / (Registro nro. 28556)

Detalles MARC
000 -CABECERA
campo de control de longitud fija 01473nam a2200301 a 4500
001 - NÚMERO DE CONTROL
campo de control 000029064
003 - IDENTIFICADOR DEL NÚMERO DE CONTROL
campo de control DO-SdBNP
005 - FECHA Y HORA DE LA ÚLTIMA TRANSACCIÓN
campo de control 20240207123130.0
006 - CÓDIGOS DE INFORMACIÓN DE LONGITUD FIJA--CARACTERÍSTICAS DEL MATERIAL ADICIONAL
campo de control de longitud fija a||||gr|||| 00| 0
007 - CAMPO FIJO DE DESCRIPCIÓN FÍSICA--INFORMACIÓN GENERAL
campo de control de longitud fija ta
008 - DATOS DE LONGITUD FIJA--INFORMACIÓN GENERAL
campo de control de longitud fija 110413b19uu dr r 000 0 spa d
040 ## - FUENTE DE LA CATALOGACIÓN
Centro catalogador/agencia de origen DO-SdBNP
Lengua de catalogación spa
Centro/agencia transcriptor BNPHU
Normas de descripción rda
082 #4 - NÚMERO DE LA CLASIFICACIÓN DECIMAL DEWEY
Número de edición 22
Número de documento/Ítem K17r
100 1# - ENTRADA PRINCIPAL--NOMBRE DE PERSONA
Nombre de persona Kaplan
9 (RLIN) 54211
Término indicativo de función/relación autor
240 10 - TÍTULO UNIFORME
Título uniforme leyes, etc
245 10 - MENCIÓN DE TÍTULO
Título Resumen de la legislación dominicana para la inversión extranjera /
Mención de responsabilidad, etc. Kaplan, Russin, Vecchi & Heredia Bonetti.
264 ## - PRODUCCIÓN, PUBLICACIÓN, DISTRIBUCIÓN, FABRICACIÓN Y COPYRIGHT
Producción, publicación, distribución, fabricación y copyright Santo Domingo :
Nombre del de productor, editor, distribuidor, fabricante Asociación de Pequeñas y Medianas Empresas,
Fecha de producción, publicación, distribución, fabricación o copyright [199?].
300 ## - DESCRIPCIÓN FÍSICA
Extensión 43 páginas ;
Dimensiones 21 cm.
336 ## - TIPO DE CONTENIDO
Fuente rdacontent
Término de tipo de contenido texto
Código de tipo de contenido txt
337 ## - TIPO DE MEDIO
Fuente rdamedia
Nombre/término del tipo de medio sin mediación
Código del tipo de medio n
338 ## - TIPO DE SOPORTE
Fuente rdacarrier
Nombre/término del tipo de soporte volumen
Código del tipo de soporte nc
505 ## - NOTA DE CONTENIDO CON FORMATO
Nota de contenido con formato I. Las Zonas Francas en la República Dominicana: Beneficios para el inversionista extranjero.--
Título II. Ley No. 861: Ley de Inversión Extanjera de la República Dominicana.--
-- III. Ley No. 69: Ley de Promoción de Exportaciones de la República Dominicana.--
-- IV. Ley No. 173: Ley de Protección a los Agentes Importadores de Mercancías.--
-- VI. Legislación Laboral en la República Dominicana.--
-- VII. Adquisición de Bienes Inmuebles por Extranjeros en la República Dominicana.--
-- VIII. La Iniciativa para la Cuenca del Caribe.
590 ## - NOTA LOCAL (RLIN)
Nota local Inventariado 2024 / MF
700 1# - PUNTO DE ACCESO ADICIONAL--NOMBRE DE PERSONA
Nombre de persona Russin,
9 (RLIN) 52565
Término indicativo de función/relación autor
700 1# - PUNTO DE ACCESO ADICIONAL--NOMBRE DE PERSONA
Nombre de persona Vecchi,
9 (RLIN) 52566
Término indicativo de función/relación autor
700 1# - PUNTO DE ACCESO ADICIONAL--NOMBRE DE PERSONA
Nombre de persona Heredia Bonetti, Luis
9 (RLIN) 9316
Término indicativo de función/relación autor
942 ## - ELEMENTOS DE PUNTO DE ACCESO ADICIONAL (KOHA)
Fuente del sistema de clasificación o colocación Dewey Decimal Classification
Tipo de ítem Koha Folleto
Existencias
Estado de retiro Estado de pérdida Fuente del sistema de clasificación o colocación Restricciones de uso No para préstamo Código de colección Localización permanente Ubicación/localización actual Ubicación en estantería Fecha de adquisición Total de préstamos Código de barras Fecha visto por última vez Precio válido a partir de Tipo de ítem Koha
    Dewey Decimal Classification Excluido de préstamo   Patrimonio Dominicano Biblioteca Nacional Pedro Henríquez Ureña Biblioteca Nacional Pedro Henríquez Ureña En catalogación 13.04.2011   29064-10 25.06.2020 25.06.2020 Folleto

Con tecnología Koha